Catálogo público

Elaboración de un sistema de experimentos de cátedra para la asignatura fisicoquímica en la Especialidad de Zootecnia / (Record no. 166552)

MARC details
000 -CABECERA
campo de control de longitud fija 00898nam a2200265Ia 4500
001 - NÚMERO DE CONTROL
campo de control Z_3431
003 - IDENTIFICADOR DEL NÚMERO DE CONTROL
campo de control CHAP
008 - DATOS DE LONGITUD FIJA--INFORMACIÓN GENERAL
campo de control de longitud fija 220113s2000 xx 000 0 und d
010 ## - NÚMERO DE CONTROL DE LA BIBLIOTECA DEL CONGRESO
Número de control de LC 166552
040 ## - FUENTE DE LA CATALOGACIÓN
Centro/agencia transcriptor CHAP
090 ## - LOCALMENTE ASIGNADO TIPO-LC NÚMERO DE CLASIFICACIÓN (OCLC); NÚMERO DE CLASIFICACIÓN LOCAL (RLIN)
Número de clasificación (OCLC) (R) ; Numero de clasificación, CALL (RLIN) (NR) Tesis G 1483
100 ## - ENTRADA PRINCIPAL--NOMBRE DE PERSONA
Nombre de persona García Uriza, Gustavo Adolfo Alejandro
9 (RLIN) 46688
245 ## - MENCIÓN DE TÍTULO
Título Elaboración de un sistema de experimentos de cátedra para la asignatura fisicoquímica en la Especialidad de Zootecnia /
Mención de responsabilidad, etc. por Gustavo Adolfo Alejandro García Uriza
260 ## - PUBLICACIÓN, DISTRIBUCIÓN, ETC.
Lugar de publicación, distribución, etc. Camagüey, Cuba :
Nombre del editor, distribuidor, etc. El autor,
Fecha de publicación, distribución, etc. 2000
300 ## - DESCRIPCIÓN FÍSICA
Extensión 105 h. : cuads., gráfs.
502 ## - NOTA DE TESIS
Nota de tesis Tesis (Master en Ciencias de Enseñanza de la Química) -- Universidad de Camagüey, Cuba.
650 ## - PUNTO DE ACCESO ADICIONAL DE MATERIA--TÉRMINO DE MATERIA
Término de materia o nombre geográfico como elemento de entrada Ganadería
Subdivisión general Estudio y enseñanza
9 (RLIN) 44733
650 ## - PUNTO DE ACCESO ADICIONAL DE MATERIA--TÉRMINO DE MATERIA
Término de materia o nombre geográfico como elemento de entrada Ganadería
Subdivisión general Planes de estudio
9 (RLIN) 44836
901 ## - ELEMENTOS DE DATOS A LOCAL LDA (RLIN)
a TESIS G 1483
902 ## - ELEMENTOS DE DATOS B LOCAL, LDB (RLIN)
a M
910 ## - DATOS DE OPCIÓN DEL USUARIO (OCLC)
Datos de opción del usuario 2000
942 ## - ELEMENTOS DE PUNTO DE ACCESO ADICIONAL (KOHA)
Tipo de ítem Koha Tesis_
942 ## - ELEMENTOS DE PUNTO DE ACCESO ADICIONAL (KOHA)
Tipo de ítem Koha Tesis_
Holdings
Estado de retiro Estado de pérdida Fuente del sistema de clasificación o colocación Estado dañado Restricciones de uso No para préstamo Código de colección Localización permanente Ubicación/localización actual Fecha de adquisición Fuente de adquisición Total de préstamos Signatura topográfica completa Código de barras Fecha visto por última vez Número de copia Precio válido a partir de Tipo de ítem Koha
    Clasificación Universidad Autónoma de Chapingo   Préstamo interno   Tesis Zootecnia Zootecnia 09/11/2005 EL autor   Tesis G37 1483 2000 5101002377 18/01/2022 Ej.1 18/01/2022 Tesis